Catón de la vejez
Kaydedildi:
| Yazar: | |
|---|---|
| Materyal Türü: | Kitap |
| Dil: | İspanyolca Latince |
| Baskı/Yayın Bilgisi: |
Barcelona
Bosch
1971
|
| Seri Bilgileri: | Colección de Textos Clásicos Latinos. Serie Textos, Traducción y Versión Interlineal
|
| Konular: | |
| Etiketler: |
Etiketle
Etiket eklenmemiş, İlk siz ekleyin!
|
MARC
| LEADER | 00000nam a2200000 a 4500 | ||
|---|---|---|---|
| 001 | UCP3822 | ||
| 003 | CL-VaPUC | ||
| 008 | 990702e19710000SP |||||||||||||||||spa|d | ||
| 041 | 0 | 7 | |a spa |2 CL-VaPUC |
| 041 | 0 | 7 | |a lat |2 CL-VaPUC |
| 082 | 0 | 4 | |a 875 |b CIC |2 21 |
| 100 | |a Cicerón, Marco Tulio |e autor |9 255203 | ||
| 245 | 1 | 0 | |a Catón de la vejez |
| 300 | |a 179 p | ||
| 942 | |c BK | ||
| 945 | |d 19990702 00:00:00 |a lriquelm | ||
| 260 | |a Barcelona |b Bosch |c 1971 | ||
| 650 | 0 | |a Discursos latinos |9 266716 | |
| 650 | 0 | |a Literatura latina |9 258055 | |
| 583 | |a last modification |c 19990702 00:00:00 |k Rodrigo Vera | ||
| 490 | 0 | |a Colección de Textos Clásicos Latinos. Serie Textos, Traducción y Versión Interlineal | |
| 999 | |c 281978 |d 281976 | ||
| 952 | |0 0 |1 0 |4 0 |6 875_000000000000000_CIC_1971 |7 0 |8 A |9 323160 |a BIBHIS |b BIBHIS |d 2019-11-20 |i 1363735 |o 875 CIC 1971 |p 1363735 |r 2025-01-20 |w 2019-11-20 |y BK |k HIS | ||